Las letras hablan: texto - cuaderno de alfabetización para personas adultas

Saved in:
Bibliographic Details
Main Authors: Casassus Bulnes, Ana (Author), Reyes G., Judith (Author)
Format: Book
Language:Spanish
Published: Santiago Ministerio de Educación 2001
Edition:3a. ed
Series:Programa de Educación de Adultos
Subjects:
Tags: Add Tag
No Tags, Be the first to tag this record!

MARC

LEADER 00000nam a2200000 a 4500
001 UCM6461
003 CL-VaPUC
008 021108e20010000CL |||||||||||||||||spa|d
082 0 4 |a 374.0124  |b CAS  |2 21 
100 0 |a Casassus Bulnes, Ana  |e author  |9 472360 
700 0 |a Reyes G., Judith  |e author  |9 472361 
245 1 4 |a Las letras hablan: texto - cuaderno de alfabetización para personas adultas 
250 |a 3a. ed 
300 |a 206 p 
942 |c BK 
945 |d 20021108 00:00:00  |a cmena 
260 |a Santiago  |b Ministerio de Educación  |c 2001 
500 |a Complementario con Guía metodológica de la monitora o monitor de alfabetización 
650 0 |a Educación de adultos  |9 307580 
650 0 |a Alfabetización   |9 310435 
650 0 |a Enseñanza de la lectura  |9 308364 
650 0 |a Enseñanza de la escritura  |9 307377 
650 0 |a Métodos de enseñanza  |9 270413 
583 |a last modification  |c 20021108 00:00:00  |k Rodrigo Vera 
490 0 |a Programa de Educación de Adultos 
999 |c 301861  |d 301859 
952 |0 0  |1 0  |4 0  |6 374_012400000000000_CAS_2001  |7 0  |8 A  |9 361541  |a BIBEDU  |b BIBEDU  |d 2019-11-21  |i 3858723  |o 374.0124 CAS 2001  |p 3858723  |r 2019-11-21  |w 2019-11-21  |y BK  |k BME